000 00608nam a22002537a 4500
003 UA-OsUOA
001 35806
007 ta
008 20051215b un ||||| |||| 00| 0 ukr d
100 _aЗимбардо Ф.
700 _aЛяйппе М.
090 _a316.6
_bЗ-26
942 _cBK
040 _aUA-OsUOA
_brus
_cUA-OsUOA
_dUA-OsUOA
245 _aСоциальное влияние
300 _a446 с.
955 _a2
041 _arus
080 _a316.6
020 _a5-8046-0172-5
260 _aСПб
_bПитер
_c2001
650 7 _a316 Соціологія
_2UDC
999 _c286299
_d286299